000 00633nam a2200181Ia 4500
003 GCL
008 140319s9999 xx 000 0 ara d
020 _a8426081977
040 _aGCL /
_cGCL
082 0 4 _aم ع
_b423.1
_bم ق
245 1 0 _aقاموس اطلس للطلاب انجليزى - عربى :
_bATLAS STUDENT DICTIONARY ENGLISH - ARABIC
260 _aالقاهرة :
_bأطلس للنشر والانتاج الاعلامى ،
_c2003
300 _a1230 ص ؛
_c16 سم
650 0 4 _aالمعاجم
650 0 4 _aالقواميس انجليزى - عربى
650 0 4 _aالمعاجم الثنائية
942 _2ddc
_cREF
999 _c9390
_d9390